[Event "GER-ch Net Amateur Gr-A Vor1"]
[Site "Playchess.com INT"]
[Date "2020.04.14"]
[Round "5"]
[White "Haase, Thomas Konstantin"]
[Black "Wolf, Christoph"]
[Result "0-1"]
[WhiteElo "1816"]
[BlackElo "1833"]
[PlyCount "40"]
[EventDate "2020.04.14"]
[EventType "swiss (blitz)"]
[EventRounds "9"]
[EventCountry "GER"]
[SourceTitle "EXT 2021"]
[Source "ChessBase"]
[SourceDate "2020.10.23"]
[SourceVersion "1"]
[SourceVersionDate "2020.10.23"]
[SourceQuality "1"]

1. d4 e6 2. Nf3 d5 3. c4 Nf6 4. g3 Be7 5. Bg2 0-0 6. 0-0 dxc4 7. Nbd2 b5 8. a4 c6 9. Ne5 Nd5 10. e4 Nf6 11. axb5 cxb5 12. d5 Bb7 13. dxe6 fxe6 14. Ng4 Nbd7 15. e5 Nd5 16. Ne4 Nc5 17. Nh6+ gxh6 18. Qg4+ Kh8 19. Bxh6 Rg8 20. Bc1 Rxg4 0-1

[Event "GER-ch Net blitz qual4"]
[Site "Playchess.com INT"]
[Date "2020.03.23"]
[Round "5"]
[White "Kersten, Uwe"]
[Black "Wolf, Christoph"]
[Result "1/2-1/2"]
[WhiteElo "2252"]
[BlackElo "1911"]
[PlyCount "65"]
[EventDate "2020.03.23"]
[EventType "swiss (blitz)"]
[EventRounds "9"]
[EventCountry "GER"]
[SourceTitle "CBM 195 Extra"]
[Source "ChessBase"]
[SourceDate "2020.05.31"]
[SourceVersion "1"]
[SourceVersionDate "2020.05.31"]
[SourceQuality "1"]

1. e4 e6 2. d4 d5 3. exd5 exd5 4. Nf3 c5 5. Bb5+ Bd7 6. Qe2+ Qe7 7. Qxe7+ Bxe7 8. Nc3 Nf6 9. Be3 c4 10. Bg5 Bc6 11. 0-0 0-0 12. Rfe1 Bd6 13. Ne5 a6 14. Bxc6 bxc6 15. Na4 Bxe5 16. dxe5 Nfd7 17. Be7 Re8 18. Bd6 Nf8 19. b3 cxb3 20. axb3 Nbd7 21. Nb2 Ne6 22. Nd3 Nd4 23. Ra2 f6 24. f4 fxe5 25. fxe5 Nb5 26. Bc5 Nxc5 27. Nxc5 a5 28. e6 Nc3 29. Raa1 Re7 30. Re3 Ne4 31. Nxe4 Rxe6 32. Rae1 dxe4 33. Rxe4 1/2-1/2

[Event "Oberliga Nord N 1617"]
[Site "Germany"]
[Date "2017.04.23"]
[Round "8.5"]
[White "Wagner, Friedrich"]
[Black "Wolf, Christoph"]
[Result "0-1"]
[WhiteElo "2224"]
[BlackElo "2173"]
[PlyCount "48"]
[EventDate "2016.10.16"]
[EventType "team-tourn"]
[EventRounds "9"]
[EventCountry "GER"]
[SourceTitle "EXT 2018"]
[Source "ChessBase"]
[SourceDate "2017.10.13"]
[SourceVersion "1"]
[SourceVersionDate "2017.10.13"]
[SourceQuality "1"]
[WhiteTeam "Hamburg Koenigsspringer"]
[BlackTeam "Schwerin"]
[WhiteTeamCountry "GER"]
[BlackTeamCountry "GER"]

1. c4 c5 2. g3 Nc6 3. Bg2 g6 4. e3 Nf6 5. Nc3 Bg7 6. Nge2 0-0 7. d4 cxd4 8. exd4 e6 9. d5 Ne5 10. b3 exd5 11. cxd5 d6 12. h3 Re8 13. 0-0 Bf5 14. Ba3 Rc8 15. g4 Nfxg4 16. Nb5 Nxf2 17. Rxf2 Qb6 18. Ned4 Nd3 19. Rxf5 Bxd4+ 20. Kh2 Qxb5 21. Rf1 Bxa1 22. Qxa1 Rc2 23. Qd4 Ree2 24. Rg1 Ne1 0-1

[Event "Oberliga Nord N 1617"]
[Site "Germany"]
[Date "2017.02.19"]
[Round "6.5"]
[White "Diekmann, Jens"]
[Black "Wolf, Christoph"]
[Result "1/2-1/2"]
[WhiteElo "2050"]
[BlackElo "2173"]
[PlyCount "95"]
[EventDate "2016.10.16"]
[EventType "team-tourn"]
[EventRounds "9"]
[EventCountry "GER"]
[SourceTitle "EXT 2018"]
[Source "ChessBase"]
[SourceDate "2017.10.13"]
[SourceVersion "1"]
[SourceVersionDate "2017.10.13"]
[SourceQuality "1"]
[WhiteTeam "Marmstorf"]
[BlackTeam "Schwerin"]
[WhiteTeamCountry "GER"]
[BlackTeamCountry "GER"]

1. c4 c5 2. Nc3 Nc6 3. g3 g6 4. Bg2 Bg7 5. e4 e6 6. Nge2 Nge7 7. 0-0 0-0 8. d3 d6 9. Be3 Nd4 10. Qd2 Re8 11. Rae1 a6 12. f4 Rb8 13. g4 f5 14. gxf5 gxf5 15. Bf2 Qa5 16. Qd1 b5 17. cxb5 axb5 18. Nxd4 cxd4 19. Qh5 Bd7 20. Ne2 Qxa2 21. Bxd4 Bxd4+ 22. Nxd4 Qxb2 23. Qg5+ Ng6 24. Nxf5 exf5 25. exf5 Qd4+ 26. Kh1 Rxe1 27. Rxe1 Re8 28. Rxe8+ Bxe8 29. Be4 Qf2 30. fxg6 Qf1+ 31. Qg1 Qxg1+ 32. Kxg1 Bxg6 33. f5 Bh5 34. Kf2 Kf7 35. Ke3 Kf6 36. Kd4 Bg4 37. Bc6 b4 38. Kc4 Bxf5 39. d4 Kg5 40. Kxb4 Kf4 41. Kc4 Be4 42. Bd7 h5 43. Be6 h4 44. Bf7 Kf3 45. Be6 Kg2 46. d5 Kxh2 47. Kb5 Kg3 48. Kc6 1/2-1/2

[Event "BL2-Nord 1516"]
[Site "Germany"]
[Date "2016.03.14"]
[Round "8.4"]
[White "Wolf, Christoph"]
[Black "Ochsner, Bjorn Moller"]
[Result "0-1"]
[WhiteElo "2152"]
[BlackElo "2394"]
[PlyCount "98"]
[EventDate "2015.09.19"]
[EventType "team-tourn"]
[EventRounds "9"]
[EventCountry "GER"]
[SourceTitle "EXT 2017"]
[Source "ChessBase"]
[SourceDate "2016.10.25"]
[SourceVersion "1"]
[SourceVersionDate "2016.10.25"]
[SourceQuality "1"]
[WhiteTeam "Schwerin"]
[BlackTeam "Preetz"]
[WhiteTeamCountry "GER"]
[BlackTeamCountry "GER"]

1. Nf3 Nf6 2. d4 g6 3. Nc3 d5 4. Bf4 Bg7 5. Qd2 0-0 6. Bh6 c5 7. Bxg7 Kxg7 8. dxc5 Nc6 9. Rd1 Qa5 10. Nxd5 Qxd2+ 11. Rxd2 Ne4 12. Rd1 Rd8 13. a3 Be6 14. c4 Nxc5 15. e3 Bf5 16. Be2 e6 17. Nf4 Rxd1+ 18. Bxd1 e5 19. b4 exf4 20. bxc5 fxe3 21. fxe3 Na5 22. Nd4 Bd3 23. Be2 Bxc4 24. Bxc4 Nxc4 25. Ke2 Re8 26. Kd3 Ne5+ 27. Kd2 Ng4 28. Nc2 Nf2 29. Rg1 Ne4+ 30. Kd3 Nxc5+ 31. Ke2 b6 32. Nd4 Re7 33. Kf3 Rd7 34. Rc1 Kf6 35. h3 Ke5 36. g4 Kd5 37. Ne2 Kc6 38. Nd4+ Kd5 39. Ne2 Kc6 40. Nd4+ Kb7 41. h4 Rd5 42. Ke2 Ne4 43. Kf3 Nd6 44. Rc3 b5 45. Kf4 h6 46. Nf3 g5+ 47. hxg5 hxg5+ 48. Nxg5 Rxg5 49. Kxg5 Ne4+ 0-1

[Event "Mecklenburg VP VL 1213"]
[Site "Mecklenburg VP"]
[Date "2013.04.28"]
[Round "9.4"]
[White "Dettmann, Holger"]
[Black "Wolf, Christoph"]
[Result "0-1"]
[WhiteElo "1904"]
[BlackElo "2056"]
[PlyCount "56"]
[EventDate "2012.10.14"]
[EventType "team-tourn"]
[EventRounds "9"]
[EventCountry "GER"]
[SourceTitle "EXT 2022"]
[Source "ChessBase"]
[SourceDate "2021.10.06"]
[SourceVersion "1"]
[SourceVersionDate "2021.10.06"]
[SourceQuality "1"]
[WhiteTeam "Guestrow/Teterow"]
[BlackTeam "Schwerin SF II"]
[WhiteTeamCountry "GER"]
[BlackTeamCountry "GER"]

1. d3 d5 2. c3 e5 3. Qc2 Nc6 4. e4 Nf6 5. Bg5 Be7 6. Nd2 0-0 7. Be2 Be6 8. Ngf3 h6 9. Bh4 a5 10. 0-0 Nh5 11. Bg3 g5 12. Rad1 g4 13. Ne1 Qd7 14. Nb3 a4 15. Nc1 f5 16. d4 Nxg3 17. hxg3 fxe4 18. Bb5 exd4 19. cxd4 Qd6 20. Ne2 Nb4 21. Qb1 Qb6 22. a3 Qxb5 23. axb4 Qxe2 24. Nc2 Bg5 25. Rde1 Qc4 26. f4 Be7 27. Rd1 Qb3 28. Qc1 Qxg3 0-1

[Event "Mecklenburg VP VL 1213"]
[Site "Mecklenburg VP"]
[Date "2013.02.24"]
[Round "6.3"]
[White "Lehmann, Ruben"]
[Black "Wolf, Christoph"]
[Result "0-1"]
[WhiteElo "1935"]
[BlackElo "2056"]
[PlyCount "48"]
[EventDate "2012.10.14"]
[EventType "team-tourn"]
[EventRounds "9"]
[EventCountry "GER"]
[SourceTitle "EXT 2022"]
[Source "ChessBase"]
[SourceDate "2021.10.06"]
[SourceVersion "1"]
[SourceVersionDate "2021.10.06"]
[SourceQuality "1"]
[WhiteTeam "Torgelow Droegeheide"]
[BlackTeam "Schwerin SF II"]
[WhiteTeamCountry "GER"]
[BlackTeamCountry "GER"]

1. d4 d5 2. c4 e6 3. Nc3 Nf6 4. e3 c5 5. Nf3 Be7 6. Bd3 dxc4 7. Bxc4 0-0 8. 0-0 a6 9. a3 b5 10. Ba2 Bb7 11. Qe2 Nbd7 12. dxc5 Nxc5 13. b4 Nce4 14. Nxe4 Nxe4 15. Bb2 Bf6 16. Nd4 Bd5 17. Bxd5 Qxd5 18. Rfd1 Rfd8 19. f3 Nd6 20. e4 Qc4 21. Qe3 Qc7 22. Rac1 Nc4 23. Qc3 Qa7 24. Ba1 e5 0-1

[Event "Verbandsliga Nord Baden 1112"]
[Site "Germany"]
[Date "2012.02.12"]
[Round "6.6"]
[White "Wolf, Christoph"]
[Black "Rechmann, Klaus"]
[Result "0-1"]
[WhiteElo "1935"]
[BlackElo "2247"]
[PlyCount "48"]
[EventDate "2011.10.09"]
[EventType "team-tourn"]
[EventRounds "9"]
[EventCountry "GER"]
[SourceTitle "EXT 2013"]
[Source "ChessBase"]
[SourceDate "2012.11.22"]
[SourceVersion "1"]
[SourceVersionDate "2012.11.22"]
[SourceQuality "1"]
[WhiteTeam "Lindenhof"]
[BlackTeam "Hockenheim II"]
[WhiteTeamCountry "GER"]
[BlackTeamCountry "GER"]

1. e4 c5 2. c3 Nf6 3. e5 Nd5 4. d4 cxd4 5. cxd4 e6 6. Nf3 d6 7. a3 Bd7 8. Bd3 Bc6 9. Qe2 Nd7 10. 0-0 dxe5 11. Nxe5 Nxe5 12. dxe5 Be7 13. Bd2 0-0 14. Rd1 Qb6 15. b4 a6 16. Nc3 Nxc3 17. Bxc3 Rfd8 18. Bc2 g6 19. Qc4 Rac8 20. Bd4 Qb5 21. Qxb5 Bxb5 22. Rac1 Bg5 23. Be3 Rxd1+ 24. Rxd1 Bxe3 0-1

[Event "Griesheim op"]
[Site "Griesheim"]
[Date "2011.05.??"]
[Round "4"]
[White "Wolf, Christoph"]
[Black "Thumm, Felix"]
[Result "0-1"]
[WhiteElo "1952"]
[BlackElo "1770"]
[PlyCount "46"]
[EventDate "2011.05.??"]
[EventType "swiss"]
[EventRounds "5"]
[EventCountry "GER"]
[SourceTitle "CBM 142 Extra"]
[Source "ChessBase"]
[SourceDate "2011.06.27"]
[SourceVersion "1"]
[SourceVersionDate "2011.06.27"]
[SourceQuality "1"]

1. e4 e6 2. Nf3 d5 3. Nc3 c5 4. d4 Nc6 5. exd5 exd5 6. dxc5 d4 7. Nb5 Bxc5 8. Bf4 Qe7+ 9. Be2 Bb6 10. Nd6+ Kf8 11. Nc4 Bc5 12. 0-0 Be6 13. a3 Rd8 14. b4 Bb6 15. Qd2 d3 16. Nxb6 dxe2 17. Qxe2 axb6 18. Rad1 Ke8 19. Qb5 Nf6 20. Ne5 Rxd1 21. Rxd1 Bd7 22. Qxb6 Nxe5 23. Re1 Nf3+ 0-1

[Event "Mecklenburg VP VL 1011"]
[Site "Mecklenburg VP"]
[Date "2010.10.24"]
[Round "2.1"]
[White "Kliewe, Hans Juergen"]
[Black "Wolf, Christoph"]
[Result "0-1"]
[WhiteElo "2066"]
[BlackElo "1983"]
[PlyCount "112"]
[EventDate "2010.10.10"]
[EventType "team-tourn"]
[EventRounds "9"]
[EventCountry "GER"]
[SourceTitle "EXT 2022"]
[Source "ChessBase"]
[SourceDate "2021.10.06"]
[SourceVersion "1"]
[SourceVersionDate "2021.10.06"]
[SourceQuality "1"]
[WhiteTeam "Wismar ASV Gruen-Weiss"]
[BlackTeam "Neukloster II"]
[WhiteTeamCountry "GER"]
[BlackTeamCountry "GER"]

1. d4 Nf6 2. c4 g6 3. Nc3 d5 4. Bf4 Bg7 5. e3 c5 6. dxc5 Qa5 7. Qa4+ Qxa4 8. Nxa4 Bd7 9. Nc3 Na6 10. cxd5 Nxc5 11. Nf3 Na4 12. Nxa4 Bxa4 13. Be5 0-0 14. b3 Bd7 15. Rd1 Rfd8 16. Bc4 b5 17. Be2 Ne4 18. 0-0 Bg4 19. Bxg7 Kxg7 20. Rd4 Nc3 21. Re1 Bf5 22. Nd2 Nxa2 23. Bxb5 Rab8 24. Bc4 Nb4 25. Rc1 Rbc8 26. e4 e5 27. exf5 exd4 28. fxg6 hxg6 29. Ra1 Rc7 30. Ra5 Rcd7 31. Nf3 Nxd5 32. Ne5 Re7 33. f4 Nb4 34. Ra4 Rb8 35. Kf2 f6 36. Nf3 Nc6 37. Ra6 Rb6 38. Ra1 Rb8 39. g4 Rd8 40. g5 fxg5 41. Nxg5 Rd6 42. h4 d3 43. Nf3 Kf6 44. Rd1 Re4 45. Kg3 Nb4 46. Ng5 Re3+ 47. Kf2 Nc2 48. b4 Kf5 49. Nf7 Rd4 50. Nh6+ Kxf4 51. Ba6 Nxb4 52. Bb7 Re2+ 53. Kf1 Ke3 54. Bc8 Rxh4 55. Ng4+ Kf3 56. Ne5+ Rxe5 0-1

[Event "GER-ch U16"]
[Site "Oberhof"]
[Date "2010.05.27"]
[Round "7"]
[White "Wolf, Christoph"]
[Black "Mons, Leon"]
[Result "1/2-1/2"]
[WhiteElo "1980"]
[BlackElo "2167"]
[PlyCount "36"]
[EventDate "2010.05.22"]
[EventType "swiss"]
[EventRounds "9"]
[EventCountry "GER"]
[SourceTitle "CBM 136 Extra"]
[Source "ChessBase"]
[SourceDate "2010.07.02"]
[SourceVersion "2"]
[SourceVersionDate "2010.07.15"]
[SourceQuality "1"]

1. d4 Nf6 2. c4 g6 3. Nc3 Bg7 4. e4 d6 5. Nf3 0-0 6. Be2 e5 7. 0-0 Nc6 8. d5 Ne7 9. Ne1 Nd7 10. Nd3 f5 11. Bd2 Nf6 12. f3 f4 13. c5 g5 14. Rc1 Ng6 15. cxd6 cxd6 16. Nb5 Qb6+ 17. Nf2 Bd7 18. a4 Bxb5 1/2-1/2

[Event "GER-ch U16"]
[Site "Oberhof"]
[Date "2010.05.25"]
[Round "5"]
[White "Wolf, Christoph"]
[Black "Friedrich, Wiede"]
[Result "1/2-1/2"]
[WhiteElo "1980"]
[BlackElo "2138"]
[PlyCount "47"]
[EventDate "2010.05.22"]
[EventType "swiss"]
[EventRounds "9"]
[EventCountry "GER"]
[SourceTitle "CBM 136 Extra"]
[Source "ChessBase"]
[SourceDate "2010.07.02"]
[SourceVersion "2"]
[SourceVersionDate "2010.07.15"]
[SourceQuality "1"]

1. d4 d5 2. Nf3 Nf6 3. e3 e6 4. Bd3 c5 5. c3 Nbd7 6. 0-0 Bd6 7. Nbd2 0-0 8. Re1 Qc7 9. e4 cxd4 10. cxd4 dxe4 11. Nxe4 Nxe4 12. Bxe4 Nf6 13. Bd3 Bd7 14. Bg5 Bc6 15. Rc1 Bf4 16. Bxf6 gxf6 17. Rc5 Rfd8 18. g3 Bd6 19. Rh5 f5 20. Ng5 Be7 21. Nxf7 Rxd4 22. Nh6+ Kh8 23. Qc2 Qd7 24. Bc4 1/2-1/2